000 00715nam a2200241Ia 4500
003 OSt
005 20220927105621.0
006 a|||||r|||| 00| 0
007 ta
008 220926b |||||||| |||| 00| 0 eng d
024 _a196587
037 _cReference Collections
040 _aRTL
_cRTL
_beng
041 _2eng
_aeng
082 _a"X.2792s, Q0/GD"
110 _a"TRIPURA, ECONOMICS AND STATISTICS (D/o-)"
_9373735
245 0 _aEconomic review
260 _a"Agartala,"
_bGovernment of Tripura
490 _v01493406: 2009-2010 (360p)
700 _a"TRIPURA, ECONOMICS AND STATISTICS (D/o-)"
_9373736
942 _h"X.2792s, Q0/GD"
_cCC
999 _c693450
_d693450